| 000 | 00522nam a22001457a 4500 | ||
|---|---|---|---|
| 003 | macl | ||
| 005 | 20181118164754.0 | ||
| 008 | 181118b xxu||||| |||| 00| 0 eng d | ||
| 040 | _cmacl | ||
| 100 |
_a Arihnat . _973254 |
||
| 245 | _aस्टडी पैकेज रेलवे भर्ती बोर्ड्रस ग्रुप- डी सॉल्व्ड पेपर्स 2015- 14 | ||
| 260 |
_aदिल्ली _b Arihnat . _c2018 |
||
| 650 |
_aरेलवे _973255 |
||
| 942 |
_2ddc _cHIN |
||
| 999 |
_c58606 _d58606 |
||